|
|
|
|
| LEADER |
01636nam a2200277 a 4500 |
| 008 |
090531s1999 nyua 001 0 eng d |
| 082 |
0 |
0 |
|a 530
|2 17
|
| 020 |
|
|
|a 0852267606
|
| 100 |
1 |
|
|a Resnick, Robert,
|d 1923-
|
| 245 |
0 |
0 |
|a Physics.
|n Part 1 /
|c Robert Resnick and David Halliday.
|
| 250 |
|
|
|a Fully rev. ed.
|
| 260 |
|
|
|a New York :
|b Wiley,
|c 1999
|
| 300 |
|
|
|a 2 v.(various pagings) :
|b ill. ;
|c 24 cm.
|
| 500 |
|
|
|a First published in 1960 under title: Physics for students of science and engineering.
|
| 504 |
|
|
|a Includes index.
|
| 541 |
1 |
|
|e 00013301
|
| 650 |
|
0 |
|a Physics.
|
| 700 |
1 |
|
|a Halliday, David,
|d 1916-
|e joint author.
|
| 852 |
4 |
|
|a Ayesha Abed Library
|j General shelf
|
| 942 |
0 |
0 |
|0 2
|
| 999 |
|
|
|c 7431
|d 7431
|
| 952 |
|
|
|0 0
|1 0
|2 ddc
|4 0
|6 530_000000000000000_RES
|7 0
|9 7959
|a BRACUL
|b BRACUL
|c GEN
|d 2010-02-10
|g 17.19
|l 57
|m 143
|o 530 RES
|p 3010013301
|r 2025-12-01
|s 2025-10-26
|t 1
|w 2010-02-10
|y BK
|x RS 15.00
|
| 952 |
|
|
|0 0
|1 4
|2 ddc
|4 0
|6 530_000000000000000_RES
|7 0
|9 7960
|a BRACUL
|b BRACUL
|c GEN
|d 2010-02-10
|g 17.19
|l 3
|m 2
|o 530 RES
|p 3010013300
|r 2010-05-31
|s 2010-05-31
|t 2
|w 2010-02-10
|y BK
|x Koha Inventory 2020
|
| 952 |
|
|
|0 0
|1 0
|2 ddc
|4 0
|6 530_000000000000000_RES
|7 0
|9 7961
|a BRACUL
|b BRACUL
|c GEN
|d 2010-02-10
|g 17.19
|l 37
|m 119
|o 530 RES
|p 3010013302
|r 2024-06-23
|s 2024-06-11
|t 3
|w 2010-02-10
|y BK
|x RS 15.00
|
| 952 |
|
|
|0 0
|1 4
|2 ddc
|4 0
|6 530_000000000000000_RES
|7 0
|9 7962
|a BRACUL
|b BRACUL
|c GEN
|d 2010-02-10
|g 17.19
|l 0
|o 530 RES
|p 3010013299
|r 2010-02-10
|t 4
|w 2010-02-10
|y BK
|x Koha Inventory 2020
|
| 952 |
|
|
|0 0
|1 0
|2 ddc
|4 0
|6 530_000000000000000_RES
|7 0
|9 8634
|a BRACUL
|b BRACUL
|c GEN
|d 2010-02-10
|g 17.19
|l 49
|m 194
|o 530 RES
|p 3010013303
|r 2025-02-02
|s 2023-06-17
|t 5
|w 2010-03-18
|y BK
|x RS 15.00
|